Move Feedback (Chess.com) - Statistics

General Stats
  • This quiz has been taken 9 times
  • The average score is 9 of 12
Answer Stats
What it looks like Answer % Correct
One star Best Move
100%
Two Exclamation Marks Brilliant Move
100%
Tick Good Move
100%
One exclamation mark Great Move
100%
Two question marks Blunder
75%
The thing that you use to study Book Move
75%
One cross Miss
75%
Thumbs-up Excellent Move
50%
Arrow facing right side Forced
50%
Question mark and exclamation mark Inaccuracy
50%
A dash Missed win
50%
One question mark Mistake
50%
No matching quizzes found
Score Distribution
Percent of People with Each Score
Percentile by Number Answered
Your Score History
You have not taken this quiz